000 00761cam a22002414a 4500
001 12267938
003 OSt
005 20241118093409.0
008 010102s2001 nyua 001 0aeng
020 _a9780071390033
040 _cCentral University Library
050 0 0 _aGV865.Z56
_bA3 2001
082 0 0 _a796.357/092
_aB
_221
100 1 _aZimmer, Don,
_d1931-2014.
245 1 0 _aZim :
_ba baseball life /
_cDon Zimmer with Bill Madden.
260 _aKingston, N.Y. :
_bTotal/Sports Illustrated,
_cc2001.
300 _axv, 286 p. :
_bill. (some col.) ;
_c24 cm.
500 _aIncludes index.
650 0 _aBaseball players
_zUnited States
_vBiography.
650 0 _aBaseball coaches
_zUnited States
_vBiography.
700 1 _aMadden, Bill.
942 _2lcc
_cBK
_n0
999 _c1225
_d1225